[Event "Pan American-ch U20"]
[Site "Bogota"]
[Date "2013.07.13"]
[Round "6"]
[White "Mendoza, Rodrigo"]
[Black "Meza Ponce, Jerry"]
[Result "0-1"]
[WhiteElo "2166"]
[BlackElo "2019"]
[PlyCount "82"]
[EventDate "2013.07.10"]
[EventType "swiss"]
[EventRounds "9"]
[EventCountry "COL"]
[SourceTitle "CBM 155 Extra"]
[Source "ChessBase"]
[SourceDate "2013.08.26"]
[SourceVersion "1"]
[SourceVersionDate "2013.08.26"]
[SourceQuality "1"]

1. d4 Nf6 2. c4 g6 3. Nf3 Bg7 4. Nc3 0-0 5. g3 d6 6. Bg2 Nc6 7. 0-0 a6 8. e4 Bg4 9. Be3 e5 10. d5 Ne7 11. c5 Ne8 12. Qb3 Bxf3 13. Bxf3 Rb8 14. Bg2 f5 15. f3 f4 16. gxf4 exf4 17. Bf2 g5 18. Ne2 Be5 19. cxd6 cxd6 20. Bb6 Qd7 21. Rac1 h5 22. Nd4 Kh8 23. Ne6 Rg8 24. Kh1 Qb5 25. Qxb5 axb5 26. b3 Ra8 27. Rf2 Nf6 28. Rc7 Nexd5 29. exd5 Nxd5 30. Rxb7 Nxb6 31. Rxb6 Rae8 32. Rxb5 Rxe6 33. Re2 Reg6 34. Ra5 Kg7 35. Ra7+ Kh6 36. Rc2 g4 37. Rcc7 Kg5 38. fxg4 hxg4 39. Be4 Rh6 40. Rf7 Rc8 41. Rh7 f3 0-1

[Event "Pan American-ch U20"]
[Site "Bogota"]
[Date "2013.07.10"]
[Round "1"]
[White "Duran Vega, Sergio"]
[Black "Meza Ponce, Jerry"]
[Result "0-1"]
[WhiteElo "2286"]
[BlackElo "2019"]
[PlyCount "80"]
[EventDate "2013.07.10"]
[EventType "swiss"]
[EventRounds "9"]
[EventCountry "COL"]
[SourceTitle "CBM 155 Extra"]
[Source "ChessBase"]
[SourceDate "2013.08.26"]
[SourceVersion "1"]
[SourceVersionDate "2013.08.26"]
[SourceQuality "1"]

1. e4 c5 2. Nf3 Nc6 3. Bb5 g6 4. Bxc6 bxc6 5. 0-0 Bg7 6. Re1 Nf6 7. e5 Nd5 8. c4 Nb6 9. d3 0-0 10. Bf4 d5 11. b3 a5 12. a4 Be6 13. Qc1 Nd7 14. Nc3 Qb6 15. Rb1 Rfd8 16. Bg5 Re8 17. Bh6 Nf8 18. Ne2 Bg4 19. Bxg7 Kxg7 20. Qf4 Bxf3 21. Qxf3 Qd8 22. Nf4 Ne6 23. Nxe6+ fxe6 24. Qe3 d4 25. Qh3 Qd7 26. Re4 Rh8 27. g4 Raf8 28. Qg3 Qe8 29. f4 h5 30. h3 hxg4 31. hxg4 Rh6 32. Kg2 Rfh8 33. g5 Rh5 34. Ree1 Qb8 35. Qg4 Qb4 36. Re2 Qc3 37. Rd1 Kf7 38. Rdd2 Qc1 39. Kf3 Rh3+ 40. Kf2 R3h7 0-1

[Event "Sullana Binacional op"]
[Site "Sullana"]
[Date "2012.05.06"]
[Round "6"]
[White "Meza Ponce, Jerry"]
[Black "Robledo, Manuel"]
[Result "0-1"]
[WhiteElo "1998"]
[BlackElo "2241"]
[PlyCount "104"]
[EventDate "2012.05.04"]
[EventType "swiss"]
[EventRounds "7"]
[EventCountry "PER"]
[SourceTitle "EXT 2013"]
[Source "ChessBase"]
[SourceDate "2012.11.22"]
[SourceVersion "1"]
[SourceVersionDate "2012.11.22"]
[SourceQuality "1"]

1. e4 c5 2. Nf3 d6 3. d3 Nc6 4. c3 Nf6 5. g3 g6 6. Bg2 Bg7 7. 0-0 0-0 8. Re1 Qc7 9. h3 b6 10. d4 Bb7 11. d5 Nb8 12. Nh2 b5 13. Ng4 Nxg4 14. Qxg4 Nd7 15. Qh4 Ne5 16. Bh6 e6 17. Bxg7 Kxg7 18. Nd2 Qd8 19. Qxd8 Rfxd8 20. Re3 Nd7 21. dxe6 fxe6 22. Rd1 Nb6 23. Bf1 a6 24. Nb3 Rac8 25. Na5 Ba8 26. Red3 d5 27. exd5 exd5 28. Re3 Re8 29. Rde1 Rxe3 30. Rxe3 Kf7 31. Rf3+ Ke7 32. Re3+ Kd6 33. Rf3 Ke7 34. Re3+ Kd7 35. Rf3 Re8 36. Rf6 Re6 37. Rf7+ Re7 38. Rf6 Kc7 39. Nb3 Nd7 40. Rxa6 Bb7 41. Ra5 Re1 42. f4 Rb1 43. g4 Bc6 44. Kf2 Rxb2+ 45. Kg3 Kb6 46. Ra3 Rc2 47. Kh4 Rxc3 48. Kg5 c4 49. Kh6 b4 50. Ra5 Rf3 51. Bg2 cxb3 52. Bxf3 b2 0-1

[Event "Wch U18"]
[Site "Caldas Novas"]
[Date "2011.11.20"]
[Round "3"]
[White "Diaz Rosas, Julio Cesar"]
[Black "Meza Ponce, Jerry"]
[Result "1-0"]
[WhiteElo "2095"]
[BlackElo "1988"]
[PlyCount "65"]
[EventDate "2011.11.18"]
[EventType "swiss"]
[EventRounds "9"]
[EventCountry "BRA"]
[SourceTitle "EXT 2013"]
[Source "ChessBase"]
[SourceDate "2012.11.22"]
[SourceVersion "1"]
[SourceVersionDate "2012.11.22"]
[SourceQuality "1"]

1. e4 c5 2. Nf3 Nc6 3. Bc4 g6 4. Nc3 Bg7 5. d3 d6 6. Be3 Nd4 7. Qd2 a6 8. Bxd4 cxd4 9. Ne2 e5 10. h4 Nf6 11. Ng3 h5 12. Bb3 Ng4 13. Ng5 0-0 14. f3 Ne3 15. Nf1 Nxf1 16. Rxf1 Bh6 17. f4 Kg7 18. g3 f6 19. Ne6+ Bxe6 20. Bxe6 f5 21. exf5 exf4 22. gxf4 Qxh4+ 23. Qf2 Qxf2+ 24. Rxf2 gxf5 25. Kd2 Rae8 26. Bd5 Re7 27. Rh1 Rfe8 28. c3 dxc3+ 29. bxc3 Kg6 30. d4 b5 31. Bc6 Rc8 32. Bd5 Rce8 33. Rh4 1-0

[Event "Pan American-ch U18"]
[Site "Cali"]
[Date "2011.07.07"]
[Round "8"]
[White "Esquivia Cuadrado, Franklin Javier"]
[Black "Meza Ponce, Jerry"]
[Result "1-0"]
[WhiteElo "1963"]
[BlackElo "2073"]
[PlyCount "83"]
[EventDate "2011.07.03"]
[EventType "swiss"]
[EventRounds "9"]
[EventCountry "COL"]
[SourceTitle "CBM 143 Extra"]
[Source "ChessBase"]
[SourceDate "2011.08.29"]
[SourceVersion "1"]
[SourceVersionDate "2011.08.29"]
[SourceQuality "1"]

1. d4 Nf6 2. Nf3 g6 3. Nc3 Bg7 4. e4 0-0 5. h3 d6 6. Bc4 c5 7. Be3 cxd4 8. Nxd4 Nc6 9. 0-0 Bd7 10. Qd2 Nxd4 11. Bxd4 Bc6 12. Rfe1 e5 13. Be3 Bxe4 14. Nxe4 Nxe4 15. Qd5 Nf6 16. Qxb7 d5 17. Rad1 d4 18. Bg5 Qc8 19. Qb5 h6 20. Bxf6 Bxf6 21. Qd5 Qc7 22. b3 Kh7 23. h4 Qd8 24. Qb7 Bxh4 25. g3 Bf6 26. Bxf7 Qe7 27. Qxe7 Bxe7 28. Bd5 Rad8 29. Be4 h5 30. Kg2 Kh6 31. Bd3 Bf6 32. b4 Bg7 33. b5 Rd6 34. a4 g5 35. a5 g4 36. Be4 Rf7 37. Rb1 Bf8 38. b6 axb6 39. axb6 Rdf6 40. b7 Rxf2+ 41. Kg1 Bd6 42. Rb6 1-0

[Event "Pan American-ch U18"]
[Site "Cali"]
[Date "2011.07.05"]
[Round "4"]
[White "Meza Ponce, Jerry"]
[Black "Torres, Juan Camilo"]
[Result "0-1"]
[WhiteElo "2073"]
[BlackElo "2206"]
[PlyCount "105"]
[EventDate "2011.07.03"]
[EventType "swiss"]
[EventRounds "9"]
[EventCountry "COL"]
[SourceTitle "CBM 143 Extra"]
[Source "ChessBase"]
[SourceDate "2011.08.29"]
[SourceVersion "1"]
[SourceVersionDate "2011.08.29"]
[SourceQuality "1"]

1. e4 c5 2. Nf3 e6 3. d4 cxd4 4. Nxd4 a6 5. Nc3 Qc7 6. g3 Nf6 7. Bg2 Be7 8. 0-0 0-0 9. f4 d6 10. Kh1 Nc6 11. Nxc6 bxc6 12. b3 d5 13. Bb2 Bb7 14. e5 Nd7 15. Qg4 Rae8 16. Rae1 Bc8 17. f5 exf5 18. Qxf5 Nc5 19. Qf3 Be6 20. Ne2 Ne4 21. Qd3 Qa5 22. Nd4 Qxe1 23. Rxe1 Nf2+ 24. Kg1 Nxd3 25. cxd3 c5 26. Nc6 Bg5 27. Re2 Rc8 28. Na5 Rfd8 29. Nb7 Rd7 30. Nd6 Rb8 31. Ba3 Rc7 32. Kf2 Be7 33. Rc2 f6 34. d4 fxe5 35. dxe5 c4 36. bxc4 dxc4 37. Ke3 Rb1 38. Bf3 Re1+ 39. Kd4 c3 40. Be2 Bg5 41. Bxa6 Be3+ 42. Kd3 Bd2 43. Bc4 Rxe5 44. Bxe6+ Rxe6 45. Bb4 Rxd6+ 46. Bxd6 Rd7 47. a4 Rxd6+ 48. Kc4 Rb6 49. a5 Rb2 50. Kd3 Rxc2 51. Kxc2 Be3 52. Kxc3 Kf7 53. Kd3 0-1

[Event "Pan American-ch U20"]
[Site "Duran"]
[Date "2011.06.08"]
[Round "5"]
[White "Meza Ponce, Jerry"]
[Black "Lozano Cedeno, Jorge"]
[Result "1-0"]
[WhiteElo "2073"]
[BlackElo "1790"]
[PlyCount "63"]
[EventDate "2011.06.05"]
[EventType "swiss"]
[EventRounds "9"]
[EventCountry "ECU"]
[SourceTitle "EXT 2022"]
[Source "ChessBase"]
[SourceDate "2021.10.06"]
[SourceVersion "1"]
[SourceVersionDate "2021.10.06"]
[SourceQuality "1"]

1. e4 e5 2. Nf3 Nc6 3. Bb5 f5 4. d3 fxe4 5. dxe4 Nf6 6. Qe2 d6 7. Nbd2 Bd7 8. c3 Be7 9. Nf1 a6 10. Ba4 b5 11. Bc2 0-0 12. Ng3 Kh8 13. h3 Be6 14. Bg5 Bc4 15. Qd2 Bg8 16. Nf5 d5 17. Nxe7 Qxe7 18. exd5 Rad8 19. 0-0 Rxd5 20. Qe2 Qe8 21. Rfe1 Nd7 22. a4 Qh5 23. Be4 Rd6 24. axb5 axb5 25. Qxb5 Rb8 26. Qe2 Qf7 27. b4 Rf8 28. Bh4 Re8 29. Bg3 Ndb8 30. b5 Nd8 31. Nxe5 Qe6 32. Qh5 1-0

[Event "Pan American-ch U20"]
[Site "Duran"]
[Date "2011.06.05"]
[Round "1"]
[White "Cori Tello, Deysi Estella"]
[Black "Meza Ponce, Jerry"]
[Result "1-0"]
[WhiteElo "2386"]
[BlackElo "2073"]
[PlyCount "59"]
[EventDate "2011.06.05"]
[EventType "swiss"]
[EventRounds "9"]
[EventCountry "ECU"]
[SourceTitle "EXT 2022"]
[Source "ChessBase"]
[SourceDate "2021.10.06"]
[SourceVersion "1"]
[SourceVersionDate "2021.10.06"]
[SourceQuality "1"]

1. d4 Nf6 2. c4 g6 3. Nf3 Bg7 4. g3 0-0 5. Bg2 d6 6. 0-0 Nbd7 7. Nc3 e5 8. e4 exd4 9. Nxd4 Nc5 10. h3 c6 11. Bf4 Nh5 12. Be3 Re8 13. Qc2 a5 14. Rad1 a4 15. Nxc6 bxc6 16. Bxc5 Be6 17. Bxd6 Bxc4 18. Rfe1 Qa5 19. e5 Qa6 20. b3 axb3 21. axb3 Be6 22. Na4 Rac8 23. Nc5 Qb6 24. Ra1 Bd5 25. Rad1 Be6 26. Re3 Bf8 27. Nxe6 fxe6 28. Rc3 Red8 29. Rcd3 Ng7 30. g4 1-0